Nations with multiple US Embassies/Offices Quiz Stats

 Plays Quiz not verified by Sporcle

Score 0/30 Timer 04:00
0 Plays Today
Number of Offices Nation % Correct
10Mexico
98.4%
8Canada
98%
7China
97.4%
8France
97.3%
4Russia
97.1%
6Germany
96.2%
6Japan
95.8%
4Italy
94.1%
2Spain
93.7%
4Australia
92.8%
5India
92.3%
4 United Kingdom (including Bermuda)
85.9%
10Brazil
84.2%
2Korea
81.6%
3Turkey
81.4%
Number of Offices Nation % Correct
2Poland
79.8%
2Indonesia
78.7%
4South Africa
78.3%
4Pakistan
76.3%
2Israel
75.8%
2Greece
74.9%
2Portugal
74.4%
3Saudi Arabia
73.6%
3Netherlands (including Antilles)
73.4%
2New Zealand
67.5%
2Thailand
66%
2Vietnam
65.7%
2Morocco
41.4%
2United Arab Emirates
40.2%
2Ecuador
18.2%

You're not logged in!

Compare scores with friends on all Sporcle quizzes.
OR
Log In

Show Comments

Extras

Top Quizzes Today


Score Distribution

Your Account Isn't Verified!

In order to create a playlist on Sporcle, you need to verify the email address you used during registration. Go to your Sporcle Settings to finish the process.

Report this User

Report this user for behavior that violates our Community Guidelines.

Details: